History Quiz

Random History or Biography Quiz
Score 0/25 Timer 05:00
12 Plays Today
% Correct
J.S. Bach
94.9%
Florence Nightingale
93.7%
Mao Zedong
90.8%
Yuri Gagarin
86.6%
Anna Pavlova
85.9%
Hatshepsut
85.4%
Joseph Pulitzer
85.3%
Miyamoto Musashi
84.3%
Hannibal
82.6%
Carl Jung
79%
Thomas Becket
75.7%
Frida Kahlo
75.5%
Paul Revere
75%
% Correct
Adam Smith
73.2%
Auguste Rodin
71.4%
Earl Warren
70.8%
Federico Fellini
68.3%
Jonas Salk
68%
Henrik Ibsen
63.8%
Tenzing Norgay
61.7%
Herodotus
60.3%
Lech Wałęsa
54.5%
Mary Leakey
48%
Tycho Brahe
46.9%
Charles Dodgson
30.7%
Remove Ads.
Support Sporcle.
Get the best of Sporcle when you Go Orange. This ad-free experience offers more features, more stats, and more fun while also helping to support Sporcle. Thank you for becoming a member.

You're not logged in!

Compare scores with friends on all Sporcle quizzes.
OR
Log In

Show Comments

Extras

Top Quizzes Today


Score Distribution

Your Account Isn't Verified!

In order to create a playlist on Sporcle, you need to verify the email address you used during registration. Go to your Sporcle Settings to finish the process.

Report this User

Report this user for behavior that violates our Community Guidelines.

Details: